The production of culture : media and the urban arts = La producción de la cultura: medios de comunicación y las artes urbanas /
Đã lưu trong:
| Tác giả chính: | |
|---|---|
| Định dạng: | Không biết |
| Ngôn ngữ: | English |
| Được phát hành: |
Newbury Park :
Sage Publications,
1992.
|
| Những chủ đề: | |
| Các nhãn: |
Thêm thẻ
Không có thẻ, Là người đầu tiên thẻ bản ghi này!
|
MARC
| LEADER | 000000000a22000000004500 | ||
|---|---|---|---|
| 001 | 013381 | ||
| 020 | |a 0803936931 | ||
| 041 | 0 | |a eng | |
| 082 | 0 | 4 | |a 700.105 |b C891p |
| 100 | 1 | |a Crane, Diana, |d 1933- | |
| 245 | 1 | 4 | |a The production of culture : |b media and the urban arts = La producción de la cultura: medios de comunicación y las artes urbanas / |c Crane, Diana |
| 246 | 3 | 1 | |a La producción de la cultura: medios de comunicación y las artes urbanas |
| 260 | 1 | |a Newbury Park : |b Sage Publications, |c 1992. | |
| 300 | |a 198 páginas | ||
| 650 | 4 | |a MASS MEDIA Y ARTE | |
| 650 | 4 | |a CULTURA POPULAR | |
| 500 | |a Colección George Yúdice | ||
| 999 | |c 19306 |d 19306 | ||
| 942 | |c BK |h 700.105 C891p |2 z | ||



